[Event "European Individual Championship (Women)"]
[Site "Mamaia ROU"]
[Date "2016.06.05"]
[EventDate "2016.05.27"]
[Round "9.1"]
[Result "1-0"]
[White "Anna Ushenina"]
[Black "Monika (Bobrowska) Socko"]
[WhiteElo "2450"]
[BlackElo "2469"]
[PlyCount "101"]

1. d4 Nf6 2. c4 e6 3. Nc3 Bb4 4. Qc2 O-O 5. Nf3 c5 6. dxc5 Na6
7. g3 Nxc5 8. Bg2 d5 9. O-O dxc4 10. Rd1 Qa5 11. Bd2 Bd7
12. Ne5 Rfd8 13. Nxc4 Qa6 14. Ne5 Be8 15. Ne4 Ncxe4 16. Bxb4
Rdc8 17. Qd3 Qa4 18. Be7 Rc7 19. Bd8 Bb5 20. Qd4 Rc2 21. Qxa4
Bxa4 22. b3 Bb5 23. Bxf6 Nxf6 24. e3 Ba6 25. a4 Rac8 26. b4
Be2 27. Bxb7 Rb8 28. Nc6 Bxd1 29. Nxb8 Be2 30. Nc6 Bg4 31. b5
Kf8 32. a5 Nd7 33. b6 a6 34. Nb4 Rb2 35. Nxa6 Ke7 36. Bg2 Be2
37. Nc7 Rc2 38. Be4 Rc5 39. Bg2 h5 40. h3 g5 41. Re1 Rc2
42. b7 Ra2 43. Na8 Ba6 44. Nb6 Nb8 45. Rd1 Bb5 46. Rc1 Rd2
47. Rc7+ Ke8 48. Rc8+ Rd8 49. Bf1 Ba6 50. Bxa6 Nxa6 51. Ra8
1-0

[Event "European Individual Championship (Women)"]
[Site "Mamaia ROU"]
[Date "2016.06.06"]
[EventDate "2016.05.27"]
[Round "10.1"]
[Result "1/2-1/2"]
[White "Sabrina Vega Gutierrez"]
[Black "Anna Ushenina"]
[WhiteElo "2375"]
[BlackElo "2450"]
[PlyCount "33"]

1. e4 c5 2. Nf3 Nc6 3. d4 cxd4 4. Nxd4 Nf6 5. Nc3 e5 6. Ndb5
d6 7. Bg5 a6 8. Na3 b5 9. Nd5 Be7 10. Bxf6 Bxf6 11. c4 b4
12. Nc2 O-O 13. g3 a5 14. Bg2 Bg5 15. O-O Ne7 16. Nxe7+ Qxe7
17. Qd3 1/2-1/2

[Event "European Individual Championship (Women)"]
[Site "Mamaia ROU"]
[Date "2016.06.07"]
[EventDate "2016.05.27"]
[Round "11.1"]
[Result "1/2-1/2"]
[White "Anna Ushenina"]
[Black "Lilit Mkrtchian"]
[WhiteElo "2450"]
[BlackElo "2434"]
[PlyCount "39"]

1. d4 Nf6 2. c4 e6 3. Nc3 Bb4 4. Qc2 d5 5. a3 Bxc3+ 6. Qxc3
Ne4 7. Qc2 c5 8. dxc5 Nc6 9. e3 Qa5+ 10. Bd2 Nxd2 11. Qxd2
dxc4 12. Bxc4 Qxc5 13. Rc1 Qg5 14. f4 Qh4+ 15. Qf2 Qxf2+
16. Kxf2 Ke7 17. Nf3 Bd7 18. Rhd1 Rhd8 19. Be2 Be8 20. e4
1/2-1/2

[Event "Chess Olympiad (Women)"]
[Site "Tromso NOR"]
[Date "2016.09.12"]
[EventDate "2016.09.02"]
[Round "10.2"]
[Result "1-0"]
[White "Anna Ushenina"]
[Black "Soumya Swaminathan"]
[WhiteElo "2457"]
[BlackElo "2379"]
[PlyCount "61"]

1. Nf3 d5 2. d4 Nf6 3. c4 c6 4. Nc3 e6 5. g3 Nbd7 6. Bg2 dxc4
7. O-O Be7 8. a4 O-O 9. a5 Re8 10. e4 e5 11. dxe5 Ng4 12. e6
fxe6 13. h3 Nge5 14. Nxe5 Nxe5 15. Qe2 Nd3 16. e5 Qd4 17. Be4
g6 18. Bh6 Nxe5 19. Rfd1 Nd3 20. Ra4 Qf6 21. h4 e5 22. Rxc4
Nc5 23. Rxc5 Bxc5 24. Qc4+ Be6 25. Qxc5 Qf7 26. a6 Rad8
27. Rxd8 Rxd8 28. axb7 Qxb7 29. Qxe5 Qf7 30. Bxc6 Bc4 31. Nd5
1-0

[Event "World Rapid Championship (Women)"]
[Site "Doha QAT"]
[Date "2016.12.27"]
[EventDate "2016.12.26"]
[Round "5.4"]
[Result "1/2-1/2"]
[White "Lela Javakhishvili"]
[Black "Anna Ushenina"]
[WhiteElo "2461"]
[BlackElo "2459"]
[PlyCount "82"]

1. c4 e6 2. d4 d5 3. Nc3 c6 4. Nf3 Nf6 5. cxd5 exd5 6. Qc2 Na6
7. a3 Nc7 8. Bg5 Be7 9. e3 Ne6 10. Bh4 g6 11. Bd3 Ng7 12. Bg3
Bf5 13. O-O O-O 14. b4 Bxd3 15. Qxd3 a6 16. Na4 Ne4 17. Be5 f6
18. Bf4 Bd6 19. Bxd6 Nxd6 20. Nc5 a5 21. Nd2 Qe7 22. bxa5 Rxa5
23. a4 Rfa8 24. Rab1 Ne6 25. Ndb3 R5a7 26. Nxe6 Qxe6 27. Nc5
Qe7 28. f3 Nc4 29. e4 b6 30. exd5 cxd5 31. Ne4 Rc8 32. Nc3
Qe3+ 33. Qxe3 Nxe3 34. Rfc1 Rac7 35. Ne2 Rxc1+ 36. Rxc1 Rxc1+
37. Nxc1 Nc2 38. Ne2 Kf7 39. Kf2 Ke6 40. h4 Na3 41. Nc3 Nc4
1/2-1/2

[Event "World Rapid Championship (Women)"]
[Site "Doha QAT"]
[Date "2016.12.27"]
[EventDate "2016.12.26"]
[Round "6.7"]
[Result "1-0"]
[White "Anna Ushenina"]
[Black "Le Thao Nguyen Pham"]
[WhiteElo "2459"]
[BlackElo "2351"]
[PlyCount "107"]

1. Nf3 d5 2. g3 c6 3. Bg2 Bf5 4. c4 e6 5. Qb3 Qb6 6. d3 Nd7
7. O-O Ngf6 8. Qc2 h6 9. b3 Be7 10. Bb2 O-O 11. Nbd2 Rfd8
12. a3 a5 13. Bc3 c5 14. cxd5 exd5 15. e4 Be6 16. h3 Rac8
17. Kh2 Qa6 18. a4 Nb8 19. Ne5 Nc6 20. Nxc6 Rxc6 21. f4 c4
22. bxc4 dxc4 23. d4 Rc7 24. f5 Bc8 25. d5 Bb4 26. Rab1 Bxc3
27. Qxc3 Bd7 28. Ra1 Be8 29. Rfe1 Qa7 30. Nf3 Qc5 31. Nd4 b6
32. Nc2 Qf2 33. Nd4 Nh5 34. Re2 Qxg3+ 35. Qxg3 Nxg3 36. Kxg3
c3 37. Rc2 Rc4 38. Nb5 Bxb5 39. axb5 f6 40. Kf3 Rdc8 41. Ke3
Rb4 42. Bf1 Kf8 43. Ra3 Rb1 44. Bd3 Rh1 45. Raxc3 Rxh3+
46. Kd4 Rxc3 47. Rxc3 h5 48. d6 Ke8 49. Kd5 Kd7 50. Rc7+ Kd8
51. Bc4 Re3 52. Rxg7 h4 53. Kc6 Rxe4 54. Be6 1-0

[Event "World Rapid Championship (Women)"]
[Site "Doha QAT"]
[Date "2016.12.27"]
[EventDate "2016.12.26"]
[Round "7.3"]
[Result "1/2-1/2"]
[White "Inna Gaponenko"]
[Black "Anna Ushenina"]
[WhiteElo "2411"]
[BlackElo "2459"]
[PlyCount "92"]

1. e4 c5 2. Ne2 Nc6 3. d4 cxd4 4. Nxd4 Nf6 5. Nc3 e5 6. Ndb5
d6 7. Bg5 a6 8. Na3 b5 9. Nd5 Be7 10. Bxf6 Bxf6 11. c3 Bg5
12. Nc2 Ne7 13. Ncb4 O-O 14. a4 bxa4 15. Rxa4 a5 16. Nxe7+
Bxe7 17. Nd5 Bd7 18. Ra3 Bg5 19. Bc4 Kh8 20. O-O f5 21. exf5
Bxf5 22. Qe2 Rc8 23. Rfa1 Rc5 24. b4 axb4 25. cxb4 Rc8 26. Ra6
Rb8 27. b5 Bc8 28. R6a3 Bb7 29. Rd1 Qc8 30. Ba2 Bd8 31. Rh3
Bxd5 32. Bxd5 g6 33. Be4 Qe6 34. Qd3 Rf6 35. Rf3 Bb6 36. Qd5
Qxd5 37. Bxd5 Rxf3 38. Bxf3 Bc5 39. Bc6 Kg7 40. Kf1 Kf6 41. f3
Ke6 42. Ke2 Bd4 43. Rd2 d5 44. Ra2 Kd6 45. Ra8 Rxa8 46. Bxa8
Kc5 1/2-1/2

[Event "World Rapid Championship (Women)"]
[Site "Doha QAT"]
[Date "2016.12.28"]
[EventDate "2016.12.26"]
[Round "9.5"]
[Result "0-1"]
[White "Anna Ushenina"]
[Black "Valentina Gunina"]
[WhiteElo "2459"]
[BlackElo "2525"]
[PlyCount "110"]

1. Nf3 Nf6 2. g3 d5 3. Bg2 c6 4. O-O Bg4 5. c4 e6 6. cxd5 Bxf3
7. Bxf3 cxd5 8. d4 Nc6 9. Nc3 Be7 10. Bg2 O-O 11. e3 Rc8
12. Qe2 Na5 13. Rd1 Bb4 14. Bd2 Nc4 15. Be1 Bxc3 16. Bxc3 Qb6
17. f3 Rc6 18. Rac1 Rfc8 19. Kh1 h6 20. e4 Qa6 21. Ra1 Rb6
22. e5 Nd7 23. Qf2 Rbc6 24. Bf1 b5 25. a4 b4 26. Bxb4 Qb6
27. Bc3 Nxb2 28. Rdb1 Rxc3 29. Rxb2 Rxf3 30. Rxb6 Rxf2 31. Rb7
Nb6 32. Rxa7 Nc4 33. Rc1 Rb8 34. Kg1 Ra2 35. Rc3 Nd2 36. Be2
Ne4 37. Re3 Rb1+ 38. Kg2 Re1 39. Kf3 h5 40. h4 Rf1+ 41. Kg2
Rf2+ 42. Kg1 Rfxe2 43. Rxe2 Rxe2 44. a5 Ra2 45. a6 Kh7
46. Rxf7 Rxa6 47. Kg2 Ra2+ 48. Kh3 Nf2+ 49. Kg2 Ng4+ 50. Kg1
Rd2 51. Re7 Rxd4 52. Rxe6 Re4 53. Rd6 Rxe5 54. Kg2 Re2+
55. Kg1 Rd2 0-1

[Event "World Rapid Championship (Women)"]
[Site "Doha QAT"]
[Date "2016.12.28"]
[EventDate "2016.12.26"]
[Round "10.7"]
[Result "1/2-1/2"]
[White "Dronavalli Harika"]
[Black "Anna Ushenina"]
[WhiteElo "2543"]
[BlackElo "2459"]
[PlyCount "94"]

1. c4 e6 2. Nc3 d5 3. d4 c6 4. e3 Nf6 5. Bd3 dxc4 6. Bxc4 b5
7. Bd3 a6 8. a4 b4 9. Ne4 Nbd7 10. Qc2 Bb7 11. Bd2 a5 12. Nf3
Be7 13. O-O Rc8 14. Ne5 Nxe5 15. dxe5 Nxe4 16. Bxe4 Qc7 17. f4
g6 18. b3 O-O 19. Rad1 Rfd8 20. Bc1 Ba6 21. Rxd8+ Rxd8 22. Rd1
Rxd1+ 23. Qxd1 c5 24. Bd3 Qd8 25. Be2 Qxd1+ 26. Bxd1 Bd3
27. Kf2 c4 28. bxc4 Bxc4 29. Bb2 Bc5 30. Be2 Bb3 31. Bb5 Bd1
32. Ke1 Bc2 33. Kd2 Be4 34. g3 h6 35. h4 Kg7 36. g4 g5
37. fxg5 hxg5 38. h5 Bf3 39. Be2 Bc6 40. Bd1 Be4 41. Bd4 Bxd4
42. exd4 Bd5 43. Be2 Bc6 44. Bb5 Bf3 45. Be2 Bc6 46. Bb5 Bf3
47. Be2 Bc6 1/2-1/2

[Event "World Rapid Championship (Women)"]
[Site "Doha QAT"]
[Date "2016.12.28"]
[EventDate "2016.12.26"]
[Round "11.6"]
[Result "1-0"]
[White "Anna Ushenina"]
[Black "Zhu Chen"]
[WhiteElo "2459"]
[BlackElo "2419"]
[PlyCount "85"]

1. Nf3 d5 2. g3 Bg4 3. Bg2 Nf6 4. c4 c6 5. O-O e6 6. cxd5 Bxf3
7. Bxf3 cxd5 8. d3 Nc6 9. Bg2 Be7 10. Nc3 O-O 11. Bd2 Rc8
12. a3 a6 13. Rc1 b5 14. b4 Qb6 15. e4 d4 16. Ne2 a5 17. Qb3
axb4 18. axb4 Nd7 19. f4 Ndb8 20. g4 Na6 21. f5 Ncxb4 22. g5
Rc3 23. Bxc3 dxc3+ 24. d4 c2 25. f6 Bd6 26. fxg7 Rc8 27. Kh1
Qc7 28. e5 Be7 29. h4 Kxg7 30. Be4 Rh8 31. Qf3 Bd8 32. Nf4 Nb8
33. Bxc2 Nxc2 34. Rxc2 Qd7 35. d5 exd5 36. Nxd5 Qe6 37. Nf4
Qd7 38. Rcf2 Re8 39. Nh5+ Kg6 40. Nf6 Bxf6 41. Qxf6+ Kh5
42. Qh6+ Kg4 43. Rf4+ 1-0

[Event "World Rapid Championship (Women)"]
[Site "Doha QAT"]
[Date "2016.12.28"]
[EventDate "2016.12.26"]
[Round "12.6"]
[Result "0-1"]
[White "Anna Ushenina"]
[Black "Zhao Xue"]
[WhiteElo "2459"]
[BlackElo "2504"]
[PlyCount "54"]

1. Nf3 Nf6 2. c4 b6 3. g3 c5 4. Bg2 Bb7 5. O-O g6 6. b3 Bg7
7. Bb2 O-O 8. d4 cxd4 9. Qxd4 d6 10. Nc3 Ne4 11. Qd3 Na6
12. Rac1 Rc8 13. Rfd1 b5 14. cxb5 Nb4 15. Qe3 Bxc3 16. Bxc3
Nxa2 17. Bb2 Nxc1 18. Rxc1 Rxc1+ 19. Qxc1 Qb6 20. Nd4 e5
21. Nc6 Qxf2+ 22. Kh1 Qxe2 23. Qb1 Nf2+ 24. Kg1 Nd1 25. Qe4
Qxe4 26. Bxe4 Bxc6 27. bxc6 Nxb2 0-1

[Event "World Blitz Championship (Women)"]
[Site "Doha QAT"]
[Date "2016.12.29"]
[EventDate "2016.12.29"]
[Round "1.13"]
[Result "1/2-1/2"]
[White "Anna Ushenina"]
[Black "Vlada Sviridova"]
[WhiteElo "2459"]
[BlackElo "2144"]
[PlyCount "222"]

1. Nf3 d5 2. g3 Nf6 3. Bg2 c6 4. c4 dxc4 5. O-O Nbd7 6. a4 a5
7. Qc2 Nb6 8. Na3 Qd5 9. Ne1 Qe5 10. Nxc4 Nxc4 11. Qxc4 Be6
12. Qd3 Rd8 13. Qe3 Qxe3 14. fxe3 Bd5 15. Nf3 e6 16. d3 Bc5
17. Kh1 e5 18. e4 Be6 19. Nxe5 O-O 20. Bg5 Bd4 21. Bxf6 gxf6
22. Nf3 Bxb2 23. Rab1 Ba3 24. Rxb7 Rb8 25. Rfb1 Bb4 26. Rxb8
Rxb8 27. Nd4 c5 28. Nxe6 fxe6 29. Bf3 Kf7 30. Kg2 Ke7 31. g4
Rg8 32. h4 h6 33. e3 Rd8 34. Be2 Kd6 35. Kf3 Ke5 36. Rg1 Rg8
37. Bd1 Rd8 38. Bc2 Rg8 39. Bb3 Rd8 40. Bc4 Rg8 41. Rd1 Rd8
42. Bb5 Ba3 43. Rg1 Rg8 44. Rg2 Bb4 45. Rc2 Rg7 46. Bc4 Rg8
47. Rc1 Rd8 48. Rh1 Bc3 49. Rc1 Bb4 50. Rg1 Rg8 51. d4+ cxd4
52. exd4+ Kxd4 53. Bxe6 Re8 54. Rd1+ Kc3 55. Bd5 Kc2 56. Rf1
Bd6 57. Rg1 Rc8 58. g5 hxg5 59. hxg5 Rc3+ 60. Kg4 fxg5
61. Kxg5 Ra3 62. Bc6 Re3 63. Kf5 Kc3 64. Rg6 Bh2 65. Rh6 Bb8
66. Rh8 Bd6 67. Rd8 Bc7 68. Rc8 Bh2 69. Rd8 Kb4 70. Rd5 Rc3
71. Bb5 Rf3+ 72. Ke6 Rh3 73. e5 Rh6+ 74. Kf5 Rh5+ 75. Kf6 Rh6+
76. Kg5 Re6 77. Kf5 Rh6 78. e6 Rh5+ 79. Ke4 Rh4+ 80. Kf3 Rh7
81. Rd7 Rxd7 82. exd7 Bc7 83. Ke4 Kc5 84. Kf5 Kd6 85. Kf6 Bd8+
86. Kf7 Kc7 87. Ke8 Bh4 88. Kf7 Bg5 89. Ke6 Bh4 90. Kd5 Be7
91. Bc6 Kb6 92. Ke6 Bd8 93. Bf3 Bh4 94. Kd6 Bd8 95. Be2 Bh4
96. Bb5 Bg5 97. Bd3 Bh4 98. Bf5 Bg5 99. Ke6 Bd8 100. Kf7 Kc7
101. Ke8 Bh4 102. Kf7 Bd8 103. Bg4 Bh4 104. Kg6 Bd8 105. Bf5
Kb6 106. Kg7 Kc7 107. Kf7 Bh4 108. Ke6 Bd8 109. Kd5 Kb6
110. Kd6 Bh4 111. Kd5 Bd8 1/2-1/2

[Event "World Blitz Championship (Women)"]
[Site "Doha QAT"]
[Date "2016.12.29"]
[EventDate "2016.12.29"]
[Round "2.11"]
[Result "1-0"]
[White "Lela Javakhishvili"]
[Black "Anna Ushenina"]
[WhiteElo "2461"]
[BlackElo "2459"]
[PlyCount "67"]

1. c4 e6 2. Nf3 Nf6 3. g3 b6 4. Bg2 Bb7 5. O-O c5 6. Nc3 Be7
7. d4 d6 8. d5 exd5 9. cxd5 O-O 10. Nd2 Na6 11. e4 Nc7 12. a4
Ba6 13. Re1 Nd7 14. f4 Rb8 15. Nf3 f6 16. Nh4 Re8 17. Bh3 Bf8
18. Qh5 Qe7 19. Nf5 Qd8 20. Qg4 g6 21. Nxd6 f5 22. Nxf5 Nf6
23. Qg5 Ncxd5 24. Nh6+ Bxh6 25. Qxh6 Nxc3 26. bxc3 Nxe4 27. f5
Qf6 28. Bf4 Rbd8 29. Rad1 Rxd1 30. Rxd1 Nxc3 31. Rd7 Ne2+
32. Kf2 Qh8 33. f6 Nxf4 34. f7# 1-0

[Event "World Blitz Championship (Women)"]
[Site "Doha QAT"]
[Date "2016.12.29"]
[EventDate "2016.12.29"]
[Round "4.8"]
[Result "0-1"]
[White "Anna Ushenina"]
[Black "Anna Muzychuk"]
[WhiteElo "2459"]
[BlackElo "2558"]
[PlyCount "137"]

1. Nf3 c5 2. g3 Nc6 3. Bg2 g6 4. O-O Bg7 5. c3 e5 6. e4 Nge7
7. Re1 O-O 8. Na3 d6 9. Nc4 f5 10. d3 h6 11. exf5 Nxf5 12. a4
Kh7 13. Nfd2 Be6 14. Qe2 Qd7 15. Ne3 Nce7 16. Ne4 Rae8 17. a5
Qc7 18. Nxf5 Nxf5 19. Nd2 d5 20. Qd1 Qd7 21. Qc2 Rf7 22. Nf3
Qc7 23. b3 Bd7 24. Bb2 Bc6 25. Re2 e4 26. dxe4 dxe4 27. Nd2 e3
28. Nc4 Bxg2 29. Kxg2 Qc6+ 30. Kg1 exf2+ 31. Rxf2 Rfe7
32. Raf1 b5 33. axb6 axb6 34. Bc1 b5 35. Nb2 Re4 36. Nd3 b4
37. cxb4 Nd4 38. Qxc5 Ne2+ 39. Kg2 Qb7 40. Kh3 Qd7+ 41. Kg2
Qxd3 42. Rf7 Nxc1 43. Qxc1 Re2+ 44. Kh3 Qd5 45. R7f2 Rxf2
46. Rxf2 Qe4 47. Qc4 h5 48. Qxe4 Rxe4 49. b5 Rb4 50. Rf3 Rxb5
51. Rd3 Rc5 52. Kg2 Rc2+ 53. Kh3 Rb2 54. Rf3 Bd4 55. Rf1 Rxb3
56. Rd1 Be3 57. Re1 Kh6 58. Re2 Bd4 59. Kg2 Rb2 60. Rxb2 Bxb2
61. Kf3 Kg5 62. h3 Kf5 63. Ke3 Be5 64. Kf3 Bd6 65. Kf2 Ke4
66. Kg2 Ke3 67. g4 hxg4 68. hxg4 Kf4 69. Kh3 0-1

[Event "World Blitz Championship (Women)"]
[Site "Doha QAT"]
[Date "2016.12.29"]
[EventDate "2016.12.29"]
[Round "6.15"]
[Result "0-1"]
[White "Julia Elizabeth Sloan"]
[Black "Anna Ushenina"]
[WhiteElo "2173"]
[BlackElo "2459"]
[PlyCount "54"]

1. d4 Nf6 2. c4 e6 3. Nf3 b6 4. g3 Bb7 5. Bg2 c5 6. O-O Be7
7. b3 O-O 8. Bb2 Qc7 9. h3 d6 10. a4 Nc6 11. Na3 a6 12. Nc2
Rfd8 13. d5 exd5 14. cxd5 Na5 15. Ne3 b5 16. axb5 axb5 17. Rc1
b4 18. h4 Qd7 19. Ng5 h6 20. Ne4 Nh7 21. Kh2 f5 22. Bh3 Rf8
23. Nd2 Bc8 24. Ndc4 Nxc4 25. Rxc4 Qe8 26. Qb1 Qh5 27. Qc2 f4
0-1

[Event "World Blitz Championship (Women)"]
[Site "Doha QAT"]
[Date "2016.12.29"]
[EventDate "2016.12.29"]
[Round "7.12"]
[Result "1/2-1/2"]
[White "Anna Ushenina"]
[Black "Sopio Gvetadze"]
[WhiteElo "2459"]
[BlackElo "2283"]
[PlyCount "197"]

1. Nf3 Nf6 2. g3 g6 3. Bg2 Bg7 4. O-O O-O 5. c4 d6 6. d4 Nbd7
7. b3 c6 8. Bb2 Qc7 9. Nc3 Re8 10. Qc2 e5 11. Rad1 exd4
12. Nxd4 Ne5 13. h3 a5 14. Rd2 Ned7 15. Na4 Nc5 16. Nxc5 dxc5
17. Nf3 Bf5 18. Qc1 Ne4 19. Rdd1 Rad8 20. Bxg7 Kxg7 21. Rxd8
Qxd8 22. Rd1 Qf6 23. e3 Nc3 24. Rd2 Be4 25. Ne1 Bxg2 26. Nxg2
Ne4 27. Rc2 Rd8 28. Nf4 Kg8 29. h4 h6 30. Kg2 Qf5 31. f3 Nf6
32. Rd2 Rxd2+ 33. Qxd2 Qb1 34. Ne2 Kg7 35. Nc3 Qa1 36. Na4 Qe5
37. Qc3 Qxc3 38. Nxc3 b6 39. Kf2 Nd7 40. e4 Kf6 41. Ke3 g5
42. hxg5+ hxg5 43. f4 gxf4+ 44. gxf4 Ke6 45. Na4 b5 46. Nb2
Kd6 47. a4 bxa4 48. Nxa4 Nf8 49. e5+ Ke6 50. Nxc5+ Kf5 51. Nb7
Ne6 52. Nd6+ Kg4 53. f5 Nc5 54. f6 Kg5 55. Nxf7+ Kf5 56. Nd8
Kxe5 57. f7 Nd7 58. Nxc6+ Kd6 59. Nxa5 Kc5 60. Nb7+ Kc6
61. Nd8+ Kd6 62. b4 Ke7 63. Nc6+ Kxf7 64. Kd4 Ke6 65. c5 Nf6
66. Kc4 Kd7 67. Ne5+ Kc7 68. b5 Ne4 69. b6+ Kb7 70. Kb5 Nc3+
71. Kb4 Nd5+ 72. Kc4 Nxb6+ 73. Kb5 Nc8 74. Nc4 Na7+ 75. Kb4
Nc6+ 76. Kc3 Ka6 77. Nd6 Ka7 78. Kc4 Kb8 79. Kd5 Kc7 80. Nb5+
Kd7 81. Nc3 Ne7+ 82. Kc4 Kc6 83. Nb5 Ng6 84. Nd4+ Kc7 85. Kd5
Nf4+ 86. Kc4 Ng6 87. Kb5 Ne5 88. Ne6+ Kb7 89. Nf4 Kc7 90. Nd5+
Kb7 91. Nb4 Kc7 92. Nd5+ Kb7 93. Nf4 Kc7 94. Ne6+ Kb7 95. Nd4
Kc7 96. Nf5 Nd7 97. c6 Nb8 98. Nd4 Nxc6 99. Nxc6 1/2-1/2

[Event "World Blitz Championship (Women)"]
[Site "Doha QAT"]
[Date "2016.12.29"]
[EventDate "2016.12.29"]
[Round "8.11"]
[Result "1-0"]
[White "Anna Ushenina"]
[Black "Nino Batsiashvili"]
[WhiteElo "2459"]
[BlackElo "2482"]
[PlyCount "97"]

1. d4 f5 2. g3 Nf6 3. Bg2 g6 4. c4 Bg7 5. Nc3 O-O 6. b3 c5
7. Nf3 Nc6 8. Bb2 cxd4 9. Nxd4 Nxd4 10. Qxd4 Ne4 11. Qd3 Qa5
12. Bxe4 fxe4 13. Qd2 d6 14. h3 Be6 15. Rd1 b5 16. Nxb5 Qxa2
17. Bxg7 Qxd2+ 18. Rxd2 Kxg7 19. Nc7 Bd7 20. Nxa8 Rxa8 21. Ra2
a5 22. Kd2 Kf6 23. Rha1 Rb8 24. Kc3 Bxh3 25. Rxa5 h5 26. Ra8
Rb6 27. R1a6 Rb7 28. R6a7 Rb6 29. Rf8+ Ke6 30. Re8 g5
31. Raxe7+ Kf6 32. Rxe4 Bf5 33. Re3 h4 34. gxh4 gxh4 35. Rh8
h3 36. Rhxh3 Bxh3 37. Rxh3 Ra6 38. Kb4 Ra2 39. Re3 Ra1 40. Kb5
Rf1 41. f3 Kf5 42. b4 Rc1 43. Re4 Rc2 44. Kb6 Rb2 45. b5 Rc2
46. Kc6 Rd2 47. b6 Kf6 48. b7 Rb2 49. Kc7 1-0

[Event "World Blitz Championship (Women)"]
[Site "Doha QAT"]
[Date "2016.12.29"]
[EventDate "2016.12.29"]
[Round "9.9"]
[Result "0-1"]
[White "Dinara Saduakassova"]
[Black "Anna Ushenina"]
[WhiteElo "2428"]
[BlackElo "2459"]
[PlyCount "102"]

1. d4 d5 2. c4 dxc4 3. Nf3 Nf6 4. e3 g6 5. Bxc4 Bg7 6. Nc3 O-O
7. O-O a6 8. Be2 Ne8 9. b3 c5 10. Bb2 cxd4 11. Nxd4 Nd7
12. Nf3 Nd6 13. Na4 Bxb2 14. Nxb2 b6 15. Nc4 Nxc4 16. Bxc4 Bb7
17. Qd4 Nf6 18. Qxd8 Rfxd8 19. Ne5 e6 20. Rfd1 Kf8 21. Kf1 Ke7
22. Be2 Rxd1+ 23. Rxd1 Rc8 24. Nc4 b5 25. Nd6 Rc7 26. Nxb7
Rxb7 27. Bf3 Rc7 28. Ke2 Nd7 29. Be4 f5 30. Bd3 Ne5 31. f4 Nc6
32. Rc1 Kd6 33. Kd2 Rd7 34. a4 bxa4 35. bxa4 Nb4 36. Ke2 e5
37. Rd1 Kc5 38. fxe5 Re7 39. Rc1+ Kb6 40. Rb1 Ka5 41. Bc4 Rxe5
42. Bg8 h6 43. Bb3 f4 44. Kf3 fxe3 45. Re1 Nc6 46. Kf4 g5+
47. Kg4 Nd4 48. Bc4 Re4+ 49. Kh5 Nc2 50. Bd3 Rh4+ 51. Kg6 Nxe1
0-1

[Event "World Blitz Championship (Women)"]
[Site "Doha QAT"]
[Date "2016.12.30"]
[EventDate "2016.12.29"]
[Round "10.6"]
[Result "1/2-1/2"]
[White "Aleksandra Goryachkina"]
[Black "Anna Ushenina"]
[WhiteElo "2466"]
[BlackElo "2459"]
[PlyCount "201"]

1. d4 Nf6 2. c4 e6 3. g3 c5 4. Nf3 cxd4 5. Nxd4 d5 6. Bg2 e5
7. Nf3 d4 8. O-O Nc6 9. e3 Be7 10. exd4 exd4 11. Re1 O-O
12. Bf4 Be6 13. Nbd2 Qb6 14. Ne5 Rac8 15. Qb3 Na5 16. Qxb6
axb6 17. b3 b5 18. cxb5 Rc2 19. Ndc4 Bb4 20. Red1 Nxc4
21. Nxc4 Bc3 22. Rac1 Rxa2 23. Bxb7 Bg4 24. Rf1 Be2 25. Bg2
Bxf1 26. Rxf1 d3 27. b6 Nd7 28. b7 d2 29. Rd1 Re8 30. Bxd2
Bxd2 31. Nxd2 Nc5 32. b4 Nxb7 33. Bxb7 Rd8 34. b5 Raxd2
35. Rxd2 Rxd2 36. Bc6 Rb2 37. h4 Kf8 38. Kg2 Ke7 39. Kf3 Kd6
40. Be8 Ke5 41. Bxf7 Rxb5 42. Bg8 h6 43. Kg2 Rb2 44. h5 Kf6
45. Bh7 Ke5 46. Bg6 Kd4 47. Kf3 Ra2 48. Bf7 Rb2 49. Kg2 Kd3
50. Kf3 Rd2 51. Bg6+ Kd4 52. Kg2 Kc3 53. Kf3 Kb2 54. Ke3 Kc1
55. g4 Kd1 56. f3 Ke1 57. Be4 Rd6 58. Kf4 Kf2 59. Ke5 Rf6
60. f4 Kg3 61. Bf5 Kh4 62. Ke4 Kg3 63. Ke5 Rf8 64. g5 Kh4
65. gxh6 gxh6 66. Bg6 Kg4 67. f5 Kg5 68. Ke6 Rf6+ 69. Ke5 Rb6
70. Ke4 Kf6 71. Kf4 Rb4+ 72. Kf3 Rd4 73. Ke3 Rb4 74. Kf3 Kg5
75. Ke3 Ra4 76. Kf3 Rf4+ 77. Ke3 Rh4 78. Kf3 Kf6 79. Kg3 Rd4
80. Kf3 Ke5 81. Ke3 Rb4 82. Kf3 Rb3+ 83. Kg4 Kf6 84. Kf4 Rb4+
85. Kf3 Rh4 86. Kg3 Rd4 87. Kf3 Ke5 88. Ke3 Rf4 89. Bh7 Rh4
90. Bg6 Rh3+ 91. Ke2 Rc3 92. Kd2 Ra3 93. Ke2 Kf6 94. Kf2 Kg5
95. Ke2 Rg3 96. Kf2 Kg4 97. Ke2 Rf3 98. Kd2 Rxf5 99. Bxf5+
Kxf5 100. Ke2 Kg5 101. Kf2 1/2-1/2

[Event "World Blitz Championship (Women)"]
[Site "Doha QAT"]
[Date "2016.12.30"]
[EventDate "2016.12.29"]
[Round "11.6"]
[Result "1-0"]
[White "Anna Ushenina"]
[Black "Meri Arabidze"]
[WhiteElo "2459"]
[BlackElo "2379"]
[PlyCount "63"]

1. Nf3 Nf6 2. g3 b5 3. a4 b4 4. Bg2 Bb7 5. O-O e6 6. Re1 Be7
7. d3 d5 8. Nbd2 O-O 9. e4 c5 10. e5 Nfd7 11. Nf1 Nc6 12. h4
a5 13. N1h2 Nb6 14. Bg5 d4 15. Ng4 Nd5 16. Bxe7 Qxe7 17. Ng5
Ba6 18. Be4 h6 19. Nf3 Qc7 20. Qd2 Nce7 21. Nxh6+ gxh6
22. Qxh6 Ng6 23. Ng5 Rfe8 24. Bxd5 exd5 25. e6 Rxe6 26. Nxe6
fxe6 27. Qxg6+ Qg7 28. Qxe6+ Qf7 29. Qg4+ Qg7 30. Qh5 Rf8
31. Re5 Qf6 32. Rg5+ 1-0

[Event "World Blitz Championship (Women)"]
[Site "Doha QAT"]
[Date "2016.12.30"]
[EventDate "2016.12.29"]
[Round "12.5"]
[Result "1-0"]
[White "Dronavalli Harika"]
[Black "Anna Ushenina"]
[WhiteElo "2543"]
[BlackElo "2459"]
[PlyCount "77"]

1. c4 e6 2. Nf3 d5 3. g3 g6 4. Bg2 Bg7 5. O-O Ne7 6. d4 O-O
7. e3 c5 8. cxd5 Nxd5 9. dxc5 Na6 10. c6 bxc6 11. e4 Ndb4
12. Nc3 Nc5 13. Bg5 Qxd1 14. Rfxd1 Re8 15. Be3 Bf8 16. a3 Nba6
17. Nd4 e5 18. Nxc6 Nb3 19. Rab1 Bb7 20. Nxa7 Nd4 21. Nab5
Nxb5 22. Nxb5 Re6 23. Rbc1 Bc6 24. Nc3 Nc7 25. Nd5 Bxd5
26. exd5 Rd6 27. Rxc7 Rb8 28. b4 Ra6 29. Bc5 Rxa3 30. d6 Rd8
31. Bd5 Rc3 32. Bxf7+ Kh8 33. Ra7 Rc2 34. Bb3 Rc3 35. Be6 h5
36. Rf7 h4 37. Rxf8+ Rxf8 38. d7 Rxc5 39. bxc5 1-0

[Event "World Blitz Championship (Women)"]
[Site "Doha QAT"]
[Date "2016.12.30"]
[EventDate "2016.12.29"]
[Round "13.7"]
[Result "1/2-1/2"]
[White "Nana Dzagnidze"]
[Black "Anna Ushenina"]
[WhiteElo "2520"]
[BlackElo "2459"]
[PlyCount "141"]

1. Nf3 d5 2. c4 e6 3. b3 Be7 4. Bb2 Bf6 5. Nc3 Ne7 6. g3 O-O
7. Bg2 c5 8. O-O Nbc6 9. Qb1 dxc4 10. bxc4 b6 11. Ne4 Bxb2
12. Qxb2 Bb7 13. d3 Nf5 14. Rfd1 Qe7 15. Nc3 Rad8 16. a3 Ncd4
17. Ne1 Bxg2 18. Kxg2 h5 19. e3 Qb7+ 20. Ne4 Nc6 21. Nf3 Qe7
22. h3 Nd6 23. Ned2 Rd7 24. Nf1 Nf5 25. Rd2 Rfd8 26. Rad1 e5
27. Qc2 g6 28. N1h2 Rd6 29. Qb1 Qd7 30. Qc2 Qe6 31. Qb1 Qe7
32. Qc2 f6 33. Qb1 Kg7 34. Qc2 Na5 35. e4 Nd4 36. Nxd4 Rxd4
37. Nf3 R4d6 38. Qc3 Nc6 39. Rb1 Qd7 40. Rbd1 Nd4 41. Nxd4
Rxd4 42. Qb2 Qa4 43. Qc3 R8d6 44. Rc1 Qd7 45. Rcd1 Qc6 46. Re1
f5 47. f3 Rf6 48. Rf2 fxe4 49. Rxe4 Qd6 50. Rxd4 cxd4 51. Qb4
a5 52. Qxd6 Rxd6 53. Rb2 Kf6 54. h4 Ke6 55. Rb5 Kf6 56. Kf2
Ke6 57. Ke2 Kf6 58. f4 exf4 59. gxf4 Re6+ 60. Kd2 Kf7 61. Rd5
Re3 62. Rxd4 Rh3 63. Rd6 Rxh4 64. Rxb6 Rxf4 65. c5 h4 66. c6
Ke7 67. c7 Kd7 68. Rxg6 Kxc7 69. Rh6 Ra4 70. Ke3 Rxa3 71. Rxh4
1/2-1/2